000 00454nam a2200169Ia 4500
005 20250508153712.0
008 008 250505s9999 xx 000 0 eng d
037 _aBooks to be hide in OPAC
040 _aFEDL
_beng
_cFEDL
041 _aeng
_2eng
084 _qFEDL
245 0 _aPublications of the university of California
260 _aBerkeley
_bUniversity of California Press
300 _a48p.
942 _cHB
999 _c1344849
_d1344849